[Event "398 Stay Safe Play From Home series"]
[Site "Emanuel Lasker Arena"]
[Date "2020.08.20"]
[Round "4"]
[White "Hickey"]
[Black "Broken sword"]
[Result "0-1"]
[WhiteElo "2193"]
[BlackElo "2486"]
[PlyCount "98"]
[EventDate "2020.08.20"]
[EventType "swiss (blitz)"]

1. Nf3 {[%emt 0:00:02]} d5 {[%emt 0:00:01]} 2. g3 {[%emt 0:00:00]} c6 {[%emt 0:00:00]} 3. Bg2 {[%emt 0:00:00]} Nf6 {[%emt 0:00:00]} 4. O-O {[%emt 0:00:00]} Bf5 {[%emt 0:00:00]} 5. d3 {[%emt 0:00:00]} e6 {[%emt 0:00:00]} 6. Nbd2 {[%emt 0:00:00]} Be7 {[%emt 0:00:00]} 7. b3 {[%emt 0:00:01]} h6 {[%emt 0:00:01]} 8. a3 {[%emt 0:00:00]} O-O {[%emt 0:00:00]} 9. Bb2 {[%emt 0:00:00]} Nbd7 {[%emt 0:00:01]} 10. c4 {[%emt 0:00:00]} Bg6 {[%emt 0:00:01]} 11. Rc1 {[%emt 0:00:00]} Ne8 {[%emt 0:00:00]} 12. Rc2 {[%emt 0:00:01]} Bf6 {[%emt 0:00:01]} 13. Qa1 {[%emt 0:00:00]} Bxb2 {[%emt 0:00:01]} 14. Qxb2 {[%emt 0:00:00]} a5 {[%emt 0:00:01]} 15. Rfc1 {[%emt 0:00:01]} Nd6 {[%emt 0:00:01]} 16. b4 {[%emt 0:00:02]} axb4 {[%emt 0:00:01]} 17. axb4 {[%emt 0:00:00]} Qe7 {[%emt 0:00:00]} 18. c5 {[%emt 0:00:02]} Nb5 {[%emt 0:00:01]} 19. Nd4 {[%emt 0:00:03]} Nxd4 {[%emt 0:00:01]} 20. Qxd4 {[%emt 0:00:01]} e5 {[%emt 0:00:00]} 21. Qb2 {[%emt 0:00:01]} Bh5 {[%emt 0:00:01]} 22. Nf3 {[%emt 0:00:02]} Bxf3 {[%emt 0:00:01]} 23. Bxf3 {[%emt 0:00:01]} Rfe8 {[%emt 0:00:01]} 24. Bg2 {[%emt 0:00:01]} Nf8 {[%emt 0:00:01]} 25. Ra1 {[%emt 0:00:01]} f6 {[%emt 0:00:02]} 26. Rxa8 {[%emt 0:00:01]} Rxa8 {[%emt 0:00:00]} 27. Qb3 {[%emt 0:00:01]} Qd8 {[%emt 0:00:02]} 28. Ra2 {[%emt 0:00:01]} Ne6 {[%emt 0:00:00]} 29. e3 {[%emt 0:00:02]} Nc7 {[%emt 0:00:01]} 30. Qb1 {[%emt 0:00:05]} Qb8 {[%emt 0:00:01]} 31. Qa1 {[%emt 0:00:01]} Kf7 {[%emt 0:00:02]} 32. Bf1 {[%emt 0:00:01]} Ke7 {[%emt 0:00:02]} 33. d4 {[%emt 0:00:02]} Rxa2 {[%emt 0:00:02]} 34. Qxa2 {[%emt 0:00:01]} Qa8 {[%emt 0:00:00]} 35. Qb2 {[%emt 0:00:01]} e4 {[%emt 0:00:02]} 36. Be2 {[%emt 0:00:02]} Qa4 {[%emt 0:00:02]} 37. Kg2 {[%emt 0:00:02]} f5 {[%emt 0:00:01]} 38. h3 {[%emt 0:00:01]} g5 {[%emt 0:00:01]} 39. h4 {[%emt 0:00:01]} Kf6 {[%emt 0:00:01]} 40. hxg5+ {[%emt 0:00:01]} hxg5 {[%emt 0:00:00]} 41. Qb1 {[%emt 0:00:01]} Ke7 {[%emt 0:00:02]} 42. Qh1 {[%emt 0:00:01]} Qxb4 {[%emt 0:00:00]} 43. Qh7+ {[%emt 0:00:01]} Kd8 {[%emt 0:00:00]} 44. Qxf5 {[%emt 0:00:02]} b6 {[%emt 0:00:02]} 45. Bg4 {[%emt 0:00:01]} Ke8 {[%emt 0:00:06]} 46. Bh5+ {[%emt 0:00:03]} Ke7 {[%emt 0:00:01]} 47. Qxg5+ {[%emt 0:00:01]} Kf8 {[%emt 0:00:03]} 48. Bg4 {[%emt 0:00:00]} Ne8 {[%emt 0:00:01]} 49. Qf6+ {[%emt 0:00:00]} Nxf6 {[%emt 0:00:01] Hickey resigns Hickey resigns Hickey resigns (Lag: Av=0.56s, max=1.1s) (Lag: Av=0.56s, max=1.1s) (Lag: Av=0.56s, max=1.1s)} 0-1

[Event "398 Stay Safe Play From Home series"]
[Site "Emanuel Lasker Arena"]
[Date "2020.08.20"]
[Round "4"]
[White "Trapper"]
[Black "Yuriko"]
[Result "0-1"]
[WhiteElo "1651"]
[BlackElo "1960"]
[Annotator "NA"]
[PlyCount "58"]
[EventDate "2020.08.20"]
[EventType "swiss (blitz)"]

1. d3 {[%emt 0:00:01]} d5 {[%emt 0:00:00]} 2. c4 {[%emt 0:00:01]} c5 {[%emt 0:00:00]} 3. cxd5 {[%emt 0:00:01]} Qxd5 {[%emt 0:00:00]} 4. Nc3 {[%emt 0:00:00]} Qd8 {[%emt 0:00:00]} 5. Nf3 {[%emt 0:00:00]} Nf6 {[%emt 0:00:00]} 6. e4 {[%emt 0:00:00]} e6 {[%emt 0:00:00]} 7. e5 {[%emt 0:00:01]} Nfd7 {[%emt 0:00:01]} 8. Bg5 {[%emt 0:00:00]} Qc7 {[%emt 0:00:02]} 9. Be2 {[%emt 0:00:03]} Nc6 {[%emt 0:00:01]} 10. O-O {[%emt 0:00:01]} Ncxe5 {[%emt 0:00:01]} 11. Nxe5 {[%emt 0:00:01]} Nxe5 {[%emt 0:00:00]} 12. Bh4 {[%emt 0:00:01]} a6 {[%emt 0:00:03]} 13. Bg3 {[%emt 0:00:01]} Bd6 {[%emt 0:00:00]} 14. Qb3 {[%emt 0:00:02]} Ng6 {[%emt 0:00:05]} 15. Ne4 {[%emt 0:00:02]} Bxg3 {[%emt 0:00:01]} 16. fxg3 {[%emt 0:00:02]} O-O {[%emt 0:00:00]} 17. Ng5 {[%emt 0:00:01]} h6 {[%emt 0:00:01]} 18. Ne4 {[%emt 0:00:03]} b5 {[%emt 0:00:01]} 19. Rac1 {[%emt 0:00:01]} Bb7 {[%emt 0:00:03]} 20. Nxc5 {[%emt 0:00:03]} Qb6 {[%emt 0:00:00]} 21. d4 {[%emt 0:00:03]} Bd5 {[%emt 0:00:01]} 22. Qe3 {[%emt 0:00:03]} Rad8 {[%emt 0:00:01]} 23. Kh1 {[%emt 0:00:01]} Ne7 {[%emt 0:00:02]} 24. Bf3 {[%emt 0:00:01]} Nf5 {[%emt 0:00:01]} 25. Bxd5 {[%emt 0:00:01]} Nxe3 {[%emt 0:00:01]} 26. Bxe6 {[%emt 0:00:04]} Nxf1 {[%emt 0:00:03]} 27. Rxf1 {[%emt 0:00:00]} fxe6 {[%emt 0:00:01]} 28. Rxf8+ {[%emt 0:00:01]} Rxf8 {[%emt 0:00:00]} 29. Nxe6 {[%emt 0:00:01]} Rf1# {[%emt 0:00:01] (Lag: Av=0.78s, max=1.0s) (Lag: Av=0.78s, max=1.0s) (Lag: Av=0.78s, max=1.0s)} 0-1

[Event "398 Stay Safe Play From Home series"]
[Site "Emanuel Lasker Arena"]
[Date "2020.08.20"]
[Round "4"]
[White "Klasman"]
[Black "AlexK"]
[Result "0-1"]
[WhiteElo "1406"]
[BlackElo "2055"]
[Annotator "NA"]
[PlyCount "34"]
[EventDate "2020.08.20"]
[EventType "swiss (blitz)"]

1. f4 {[%emt 0:00:03]} d5 {[%emt 0:00:01]} 2. c4 {[%emt 0:00:01]} Nf6 {[%emt 0:00:00]} 3. d4 {[%emt 0:00:01]} g6 {[%emt 0:00:01]} 4. e3 {[%emt 0:00:01]} Bg7 {[%emt 0:00:00]} 5. Nf3 {[%emt 0:00:01]} O-O {[%emt 0:00:00]} 6. Nc3 {[%emt 0:00:01]} c5 {[%emt 0:00:00]} 7. Qb3 {[%emt 0:00:05]} cxd4 {[%emt 0:00:01]} 8. exd4 {[%emt 0:00:02]} Nc6 {[%emt 0:00:01]} 9. cxd5 {[%emt 0:00:01]} Na5 {[%emt 0:00:01]} 10. Qb5 {[%emt 0:00:04]} a6 {[%emt 0:00:02]} 11. Qb4 {[%emt 0:00:03]} Nxd5 {[%emt 0:00:03]} 12. Nxd5 {[%emt 0:00:05]} Qxd5 {[%emt 0:00:01]} 13. Bd2 {[%emt 0:00:05]} Nc6 {[%emt 0:00:01]} 14. Qc3 {[%emt 0:00:03]} Nxd4 {[%emt 0:00:02]} 15. O-O-O {[%emt 0:00:05]} Be6 {[%emt 0:00:03]} 16. Nxd4 {[%emt 0:00:13]} Rac8 {[%emt 0:00:04]} 17. Qxc8 {[%emt 0:00:05] . . .} Rxc8+ {[%emt 0:00:02] Time Time Time (Lag: Av=0.56s, max=0.6s) (Lag: Av=0.56s, max=0.6s) (Lag: Av=0.56s, max=0.6s)} 0-1

[Event "398 Stay Safe Play From Home series"]
[Site "Emanuel Lasker Arena"]
[Date "2020.08.20"]
[Round "5"]
[White "Broken sword"]
[Black "IceQueen"]
[Result "0-1"]
[WhiteElo "2492"]
[BlackElo "2425"]
[PlyCount "112"]
[EventDate "2020.08.20"]
[EventType "swiss (blitz)"]

1. e4 {[%emt 0:00:01]} d6 {[%emt 0:00:00]} 2. d4 {[%emt 0:00:01]} Nf6 {[%emt 0:00:00]} 3. Nc3 {[%emt 0:00:00]} g6 {[%emt 0:00:01]} 4. Be3 {[%emt 0:00:00]} c6 {[%emt 0:00:00]} 5. Qd2 {[%emt 0:00:00]} b5 {[%emt 0:00:01]} 6. a3 {[%emt 0:00:00]} Nbd7 {[%emt 0:00:01]} 7. h3 {[%emt 0:00:01]} Bg7 {[%emt 0:00:01]} 8. Bh6 {[%emt 0:00:01]} Bxh6 {[%emt 0:00:02]} 9. Qxh6 {[%emt 0:00:01]} Qa5 {[%emt 0:00:00]} 10. Bd3 {[%emt 0:00:02]} b4 {[%emt 0:00:01]} 11. Nb1 {[%emt 0:00:05]} Rg8 {[%emt 0:00:01]} 12. Qd2 {[%emt 0:00:01]} c5 {[%emt 0:00:01]} 13. Nf3 {[%emt 0:00:01]} Rb8 {[%emt 0:00:02]} 14. O-O {[%emt 0:00:01]} Bb7 {[%emt 0:00:00]} 15. Re1 {[%emt 0:00:01]} Kf8 {[%emt 0:00:01]} 16. b3 {[%emt 0:00:01]} Qb6 {[%emt 0:00:01]} 17. d5 {[%emt 0:00:01]} Kg7 {[%emt 0:00:02]} 18. Qc1 {[%emt 0:00:02]} a5 {[%emt 0:00:02]} 19. Nbd2 {[%emt 0:00:01]} Ba6 {[%emt 0:00:01]} 20. Qb2 {[%emt 0:00:02]} Rge8 {[%emt 0:00:02]} 21. Bxa6 {[%emt 0:00:01]} Qxa6 {[%emt 0:00:01]} 22. Nc4 {[%emt 0:00:00]} Kg8 {[%emt 0:00:01]} 23. axb4 {[%emt 0:00:01]} cxb4 {[%emt 0:00:01]} 24. Rxa5 {[%emt 0:00:01]} Qb7 {[%emt 0:00:01]} 25. Raa1 {[%emt 0:00:01]} Nc5 {[%emt 0:00:00]} 26. Nfd2 {[%emt 0:00:02]} Qd7 {[%emt 0:00:02]} 27. Qd4 {[%emt 0:00:03]} Rec8 {[%emt 0:00:01]} 28. f3 {[%emt 0:00:01]} Nh5 {[%emt 0:00:02]} 29. Qe3 {[%emt 0:00:01]} e6 {[%emt 0:00:01]} 30. dxe6 {[%emt 0:00:01]} Qxe6 {[%emt 0:00:01]} 31. Qd4 {[%emt 0:00:01]} Rd8 {[%emt 0:00:01]} 32. Nf1 {[%emt 0:00:00]} Nf4 {[%emt 0:00:01]} 33. Nfe3 {[%emt 0:00:01]} Rbc8 {[%emt 0:00:04]} 34. Rad1 {[%emt 0:00:01]} Qe7 {[%emt 0:00:01]} 35. Nd5 {[%emt 0:00:01]} Qg5 {[%emt 0:00:02]} 36. Nxf4 {[%emt 0:00:01]} Qxf4 {[%emt 0:00:00]} 37. Qd2 {[%emt 0:00:01]} Qh4 {[%emt 0:00:01]} 38. Qf2 {[%emt 0:00:01]} Qg5 {[%emt 0:00:01]} 39. Rxd6 {[%emt 0:00:03]} Ne6 {[%emt 0:00:02]} 40. Rxd8+ {[%emt 0:00:01]} Rxd8 {[%emt 0:00:00]} 41. Qe3 {[%emt 0:00:00]} Nf4 {[%emt 0:00:01]} 42. Re2 {[%emt 0:00:04]} Nxe2+ {[%emt 0:00:02]} 43. Qxe2 {[%emt 0:00:00]} Qg3 {[%emt 0:00:01]} 44. Ne3 {[%emt 0:00:03]} h5 {[%emt 0:00:01]} 45. Nd5 {[%emt 0:00:00]} Qe5 {[%emt 0:00:03]} 46. Qf2 {[%emt 0:00:00]} Qa1+ {[%emt 0:00:01]} 47. Kh2 {[%emt 0:00:00]} Qe5+ {[%emt 0:00:00]} 48. Qg3 {[%emt 0:00:01]} Qd4 {[%emt 0:00:00]} 49. Qf4 {[%emt 0:00:01]} Qg7 {[%emt 0:00:01]} 50. Nf6+ {[%emt 0:00:01]} Kh8 {[%emt 0:00:00]} 51. Nd5 {[%emt 0:00:01]} Re8 {[%emt 0:00:01]} 52. Qe3 {[%emt 0:00:01]} Re6 {[%emt 0:00:01]} 53. Qd3 {[%emt 0:00:00]} Kh7 {[%emt 0:00:00]} 54. Nxb4 {[%emt 0:00:01]} h4 {[%emt 0:00:00]} 55. Nd5 {[%emt 0:00:00]} Qe5+ {[%emt 0:00:00]} 56. Kg1 {[%emt 0:00:01]} Rd6 {[%emt 0:00:00]} 0-1

[Event "398 Stay Safe Play From Home series"]
[Site "Emanuel Lasker Arena"]
[Date "2020.08.20"]
[Round "5"]
[White "AChessPlayer"]
[Black "Kasparov Garry"]
[Result "0-1"]
[WhiteElo "2405"]
[BlackElo "2456"]
[PlyCount "82"]
[EventDate "2020.08.20"]
[EventType "swiss (blitz)"]

1. Nf3 {[%emt 0:00:01]} d5 {[%emt 0:00:01]} 2. g3 {[%emt 0:00:00]} c6 {[%emt 0:00:01]} 3. Bg2 {[%emt 0:00:00]} Bg4 {[%emt 0:00:01]} 4. O-O {[%emt 0:00:00]} Nd7 {[%emt 0:00:01]} 5. d3 {[%emt 0:00:00]} e6 {[%emt 0:00:00]} 6. Nbd2 {[%emt 0:00:00]} Bd6 {[%emt 0:00:01]} 7. b3 {[%emt 0:00:00]} Ne7 {[%emt 0:00:01]} 8. Bb2 {[%emt 0:00:00]} O-O {[%emt 0:00:01]} 9. c4 {[%emt 0:00:00]} Bh5 {[%emt 0:00:01]} 10. Qc2 {[%emt 0:00:01]} e5 {[%emt 0:00:01]} 11. e4 {[%emt 0:00:02]} d4 {[%emt 0:00:01]} 12. a3 {[%emt 0:00:02]} c5 {[%emt 0:00:01]} 13. b4 {[%emt 0:00:01]} a6 {[%emt 0:00:01]} 14. Nh4 {[%emt 0:00:04]} cxb4 {[%emt 0:00:01]} 15. axb4 {[%emt 0:00:01]} Nc6 {[%emt 0:00:01]} 16. c5 {[%emt 0:00:01]} Nxb4 {[%emt 0:00:01]} 17. Qb3 {[%emt 0:00:00]} Bxc5 {[%emt 0:00:01]} 18. Nf5 {[%emt 0:00:01]} Be2 {[%emt 0:00:01]} 19. Rfc1 {[%emt 0:00:05]} a5 {[%emt 0:00:01]} 20. Bf1 {[%emt 0:00:02]} Bxf1 {[%emt 0:00:01]} 21. Nxf1 {[%emt 0:00:01]} g6 {[%emt 0:00:01]} 22. Nh6+ {[%emt 0:00:01]} Kg7 {[%emt 0:00:01]} 23. Ng4 {[%emt 0:00:04]} a4 {[%emt 0:00:01]} 24. Qd1 {[%emt 0:00:02]} Nc6 {[%emt 0:00:01]} 25. h3 {[%emt 0:00:02]} f5 {[%emt 0:00:01]} 26. exf5 {[%emt 0:00:01]} gxf5 {[%emt 0:00:01]} 27. Ngh2 {[%emt 0:00:00]} b5 {[%emt 0:00:01]} 28. Rab1 {[%emt 0:00:01]} Qf6 {[%emt 0:00:01]} 29. Ba1 {[%emt 0:00:01]} b4 {[%emt 0:00:01]} 30. Rc4 {[%emt 0:00:01]} a3 {[%emt 0:00:01]} 31. Rbc1 {[%emt 0:00:01]} Qd6 {[%emt 0:00:01]} 32. Nf3 {[%emt 0:00:01]} Na5 {[%emt 0:00:01]} 33. Rxc5 {[%emt 0:00:02]} Nxc5 {[%emt 0:00:01]} 34. Nxe5 {[%emt 0:00:02]} Qxe5 {[%emt 0:00:01]} 35. Nd2 {[%emt 0:00:01]} Qd6 {[%emt 0:00:00]} 36. Nf3 {[%emt 0:00:01]} Ne6 {[%emt 0:00:01]} 37. Qd2 {[%emt 0:00:02]} Nb3 {[%emt 0:00:01]} 38. Qa2 {[%emt 0:00:04]} Nxc1 {[%emt 0:00:01]} 39. Qb1 {[%emt 0:00:00]} Rfc8 {[%emt 0:00:01]} 40. Nxd4 {[%emt 0:00:02]} Nxd4 {[%emt 0:00:01]} 41. Qb3 {[%emt 0:00:00]} Ncxb3 {[%emt 0:00:01] AChessPlayer resigns AChessPlayer resigns AChessPlayer resigns (Lag: Av=0.38s, max=0.9s) (Lag: Av=0.38s, max=0.9s) (Lag: Av=0.38s, max=0.9s)} 0-1

[Event "398 Stay Safe Play From Home series"]
[Site "Emanuel Lasker Arena"]
[Date "2020.08.20"]
[Round "5"]
[White "Mepe_Nika"]
[Black "Trapper"]
[Result "1-0"]
[WhiteElo "2332"]
[BlackElo "1646"]
[PlyCount "75"]
[EventDate "2020.08.20"]
[EventType "swiss (blitz)"]

1. d4 {[%emt 0:00:01]} d5 {[%emt 0:00:01]} 2. Bf4 {[%emt 0:00:01]} Nf6 {[%emt 0:00:01]} 3. e3 {[%emt 0:00:00]} e6 {[%emt 0:00:01]} 4. c4 {[%emt 0:00:00]} c5 {[%emt 0:00:01]} 5. dxc5 {[%emt 0:00:01]} Bxc5 {[%emt 0:00:01]} 6. Nc3 {[%emt 0:00:01]} a6 {[%emt 0:00:01]} 7. a3 {[%emt 0:00:01]} d4 {[%emt 0:00:03]} 8. exd4 {[%emt 0:00:03]} Bxd4 {[%emt 0:00:01]} 9. Rc1 {[%emt 0:00:02]} O-O {[%emt 0:00:03]} 10. Nf3 {[%emt 0:00:01]} Bxc3+ {[%emt 0:00:02]} 11. Rxc3 {[%emt 0:00:00]} Qa5 {[%emt 0:00:02]} 12. Bd3 {[%emt 0:00:02]} Nc6 {[%emt 0:00:01]} 13. O-O {[%emt 0:00:01]} Rd8 {[%emt 0:00:02]} 14. Qc2 {[%emt 0:00:01]} Bd7 {[%emt 0:00:02]} 15. Bg5 {[%emt 0:00:01]} Be8 {[%emt 0:00:05]} 16. Bxf6 {[%emt 0:00:01]} gxf6 {[%emt 0:00:01]} 17. Bxh7+ {[%emt 0:00:01]} Kf8 {[%emt 0:00:01]} 18. Be4 {[%emt 0:00:02]} Ke7 {[%emt 0:00:01]} 19. b4 {[%emt 0:00:02]} Qc7 {[%emt 0:00:02]} 20. Re1 {[%emt 0:00:01]} Bd7 {[%emt 0:00:01]} 21. Bxc6 {[%emt 0:00:04]} Bxc6 {[%emt 0:00:02]} 22. Qe2 {[%emt 0:00:03]} Rg8 {[%emt 0:00:01]} 23. Nh4 {[%emt 0:00:04]} Rh8 {[%emt 0:00:02]} 24. Nf5+ {[%emt 0:00:03]} Kf8 {[%emt 0:00:03]} 25. Ng3 {[%emt 0:00:01]} Ke7 {[%emt 0:00:03]} 26. Re3 {[%emt 0:00:02]} Rag8 {[%emt 0:00:02]} 27. b5 {[%emt 0:00:05]} axb5 {[%emt 0:00:01]} 28. cxb5 {[%emt 0:00:00]} Bd5 {[%emt 0:00:01]} 29. Rd3 {[%emt 0:00:01]} Qb6 {[%emt 0:00:01]} 30. Rxd5 {[%emt 0:00:01]} Rxg3 {[%emt 0:00:04]} 31. hxg3 {[%emt 0:00:02]} e5 {[%emt 0:00:01]} 32. Rxe5+ {[%emt 0:00:02]} fxe5 {[%emt 0:00:03]} 33. Qxe5+ {[%emt 0:00:00]} Qe6 {[%emt 0:00:00]} 34. Qc7+ {[%emt 0:00:02]} Kf6 {[%emt 0:00:01]} 35. Rxe6+ {[%emt 0:00:01]} fxe6 {[%emt 0:00:01]} 36. Qc3+ {[%emt 0:00:01]} Kf7 {[%emt 0:00:02]} 37. Qxh8 {[%emt 0:00:01]} b6 {[%emt 0:00:00]} 38. Qe5 {[%emt 0:00:00] Zeit Zeit Zeit (Lag: Av=0.85s, max=1.2s) (Lag: Av=0.85s, max=1.2s) (Lag: Av=0.85s, max=1.2s)} 1-0

[Event "398 Stay Safe Play From Home series"]
[Site "Emanuel Lasker Arena"]
[Date "2020.08.20"]
[Round "5"]
[White "Lamborghini"]
[Black "Hickey"]
[Result "0-1"]
[WhiteElo "2306"]
[BlackElo "2188"]
[PlyCount "112"]
[EventDate "2020.08.20"]
[EventType "swiss (blitz)"]

1. e4 {[%emt 0:00:02]} c6 {[%emt 0:00:01]} 2. d4 {[%emt 0:00:01]} d5 {[%emt 0:00:00]} 3. Nc3 {[%emt 0:00:00]} dxe4 {[%emt 0:00:01]} 4. Nxe4 {[%emt 0:00:00]} Bf5 {[%emt 0:00:01]} 5. Ng3 {[%emt 0:00:01]} Bg6 {[%emt 0:00:00]} 6. h4 {[%emt 0:00:00]} h6 {[%emt 0:00:01]} 7. Nf3 {[%emt 0:00:00]} Nd7 {[%emt 0:00:01]} 8. h5 {[%emt 0:00:00]} Bh7 {[%emt 0:00:00]} 9. Bd3 {[%emt 0:00:00]} Bxd3 {[%emt 0:00:00]} 10. Qxd3 {[%emt 0:00:00]} e6 {[%emt 0:00:00]} 11. Bf4 {[%emt 0:00:01]} Qa5+ {[%emt 0:00:02]} 12. Bd2 {[%emt 0:00:01]} Bb4 {[%emt 0:00:00]} 13. c3 {[%emt 0:00:00]} Be7 {[%emt 0:00:00]} 14. c4 {[%emt 0:00:00]} Qc7 {[%emt 0:00:01]} 15. O-O-O {[%emt 0:00:02]} Ngf6 {[%emt 0:00:01]} 16. Kb1 {[%emt 0:00:00]} O-O {[%emt 0:00:01]} 17. Ne4 {[%emt 0:00:02]} Nxe4 {[%emt 0:00:02]} 18. Qxe4 {[%emt 0:00:01]} Nf6 {[%emt 0:00:00]} 19. Qe2 {[%emt 0:00:01]} c5 {[%emt 0:00:00]} 20. g4 {[%emt 0:00:03]} cxd4 {[%emt 0:00:01]} 21. g5 {[%emt 0:00:01]} hxg5 {[%emt 0:00:05]} 22. Nxg5 {[%emt 0:00:01]} Qc5 {[%emt 0:00:04]} 23. h6 {[%emt 0:00:02]} Qf5+ {[%emt 0:00:00]} 24. Ka1 {[%emt 0:00:02]} g6 {[%emt 0:00:00]} 25. h7+ {[%emt 0:00:02]} Kh8 {[%emt 0:00:01]} 26. Nf3 {[%emt 0:00:03]} Rfd8 {[%emt 0:00:03]} 27. Ne5 {[%emt 0:00:02]} Ne4 {[%emt 0:00:02]} 28. f4 {[%emt 0:00:04]} Nxd2 {[%emt 0:00:02]} 29. Rxd2 {[%emt 0:00:01]} Bd6 {[%emt 0:00:01]} 30. Rf1 {[%emt 0:00:02]} Bf8 {[%emt 0:00:03]} 31. a3 {[%emt 0:00:02]} Bg7 {[%emt 0:00:01]} 32. Qh2 {[%emt 0:00:02]} Rac8 {[%emt 0:00:02]} 33. Re1 {[%emt 0:00:01]} Rc5 {[%emt 0:00:02]} 34. Nd3 {[%emt 0:00:01]} Rxc4 {[%emt 0:00:01]} 35. Qh1 {[%emt 0:00:03]} Rc7 {[%emt 0:00:01]} 36. Rc1 {[%emt 0:00:01]} Rdc8 {[%emt 0:00:01]} 37. Rxc7 {[%emt 0:00:01]} Rxc7 {[%emt 0:00:00]} 38. Qf3 {[%emt 0:00:01]} Kxh7 {[%emt 0:00:02]} 39. Qh1+ {[%emt 0:00:01]} Kg8 {[%emt 0:00:00]} 40. Qf3 {[%emt 0:00:00]} Kf8 {[%emt 0:00:01]} 41. Qd1 {[%emt 0:00:01]} Bf6 {[%emt 0:00:01]} 42. Ka2 {[%emt 0:00:01]} Kg7 {[%emt 0:00:01]} 43. Qb3 {[%emt 0:00:01]} Qd5 {[%emt 0:00:01]} 44. Qxd5 {[%emt 0:00:01]} exd5 {[%emt 0:00:00]} 45. b4 {[%emt 0:00:00]} Re7 {[%emt 0:00:00]} 46. Kb2 {[%emt 0:00:00]} Re4 {[%emt 0:00:01]} 47. b5 {[%emt 0:00:00]} b6 {[%emt 0:00:01]} 48. a4 {[%emt 0:00:00]} g5 {[%emt 0:00:01]} 49. Kb3 {[%emt 0:00:00]} gxf4 {[%emt 0:00:01]} 50. Rg2+ {[%emt 0:00:01]} Bg5 {[%emt 0:00:00]} 51. Re2 {[%emt 0:00:00]} Kf6 {[%emt 0:00:00]} 52. Rf2 {[%emt 0:00:01]} Re3 {[%emt 0:00:01]} 53. Kc2 {[%emt 0:00:01]} f3 {[%emt 0:00:00]} 54. Nb4 {[%emt 0:00:00]} Kf5 {[%emt 0:00:00]} 55. Nxd5 {[%emt 0:00:01]} Ke4 {[%emt 0:00:00]} 56. Nc3+ {[%emt 0:00:02]} Rxc3+ {[%emt 0:00:01] Zeit Zeit Zeit (Lag: Av=0.56s, max=1.1s) (Lag: Av=0.56s, max=1.1s) (Lag: Av=0.56s, max=1.1s)} 0-1

[Event "398 Stay Safe Play From Home series"]
[Site "Emanuel Lasker Arena"]
[Date "2020.08.20"]
[Round "5"]
[White "MihailoVujic"]
[Black "Jhhonnyy"]
[Result "0-1"]
[WhiteElo "2222"]
[BlackElo "2296"]
[PlyCount "110"]
[EventDate "2020.08.20"]
[EventType "swiss (blitz)"]

1. e4 {[%emt 0:00:01]} c5 {[%emt 0:00:01]} 2. c3 {[%emt 0:00:01]} e6 {[%emt 0:00:00]} 3. d4 {[%emt 0:00:01]} d5 {[%emt 0:00:00]} 4. exd5 {[%emt 0:00:01]} exd5 {[%emt 0:00:00]} 5. Nf3 {[%emt 0:00:00]} Nf6 {[%emt 0:00:00]} 6. Bb5+ {[%emt 0:00:00]} Nc6 {[%emt 0:00:02]} 7. Qe2+ {[%emt 0:00:01]} Be7 {[%emt 0:00:01]} 8. dxc5 {[%emt 0:00:02]} O-O {[%emt 0:00:01]} 9. Bxc6 {[%emt 0:00:01]} bxc6 {[%emt 0:00:01]} 10. Be3 {[%emt 0:00:00]} Re8 {[%emt 0:00:01]} 11. b4 {[%emt 0:00:01]} a5 {[%emt 0:00:01]} 12. Nd4 {[%emt 0:00:06]} Bd7 {[%emt 0:00:02]} 13. O-O {[%emt 0:00:02]} Ne4 {[%emt 0:00:00]} 14. Qd3 {[%emt 0:00:04]} Bf6 {[%emt 0:00:01]} 15. Nd2 {[%emt 0:00:02]} Qb8 {[%emt 0:00:03]} 16. Nxe4 {[%emt 0:00:02]} Rxe4 {[%emt 0:00:00]} 17. a3 {[%emt 0:00:02]} Rh4 {[%emt 0:00:02]} 18. g3 {[%emt 0:00:01]} Rh5 {[%emt 0:00:01]} 19. Bf4 {[%emt 0:00:00]} Qc8 {[%emt 0:00:02]} 20. Rfe1 {[%emt 0:00:01]} h6 {[%emt 0:00:02]} 21. Re3 {[%emt 0:00:03]} Bg4 {[%emt 0:00:01]} 22. Rae1 {[%emt 0:00:02]} Bd7 {[%emt 0:00:01]} 23. Be5 {[%emt 0:00:01]} Bxe5 {[%emt 0:00:02]} 24. Rxe5 {[%emt 0:00:00]} Rxe5 {[%emt 0:00:00]} 25. Rxe5 {[%emt 0:00:00]} axb4 {[%emt 0:00:00]} 26. cxb4 {[%emt 0:00:03]} Qd8 {[%emt 0:00:00]} 27. Kg2 {[%emt 0:00:02]} Qf6 {[%emt 0:00:01]} 28. Qe3 {[%emt 0:00:01]} g6 {[%emt 0:00:02]} 29. Re7 {[%emt 0:00:01]} Bf5 {[%emt 0:00:03]} 30. Nxf5 {[%emt 0:00:01]} gxf5 {[%emt 0:00:00]} 31. Re8+ {[%emt 0:00:02]} Rxe8 {[%emt 0:00:02]} 32. Qxe8+ {[%emt 0:00:00]} Kg7 {[%emt 0:00:00]} 33. Qb8 {[%emt 0:00:01]} f4 {[%emt 0:00:01]} 34. Qxf4 {[%emt 0:00:01]} Qe6 {[%emt 0:00:00]} 35. Qd6 {[%emt 0:00:01]} Qe4+ {[%emt 0:00:01]} 36. Kh3 {[%emt 0:00:01]} h5 {[%emt 0:00:01]} 37. Qf4 {[%emt 0:00:02]} Qe6+ {[%emt 0:00:01]} 38. Kg2 {[%emt 0:00:01]} Qe2 {[%emt 0:00:01]} 39. Qg5+ {[%emt 0:00:01]} Kf8 {[%emt 0:00:01]} 40. Qd8+ {[%emt 0:00:00]} Qe8 {[%emt 0:00:01]} 41. Qg5 {[%emt 0:00:00]} Qe4+ {[%emt 0:00:01]} 42. Kh3 {[%emt 0:00:01]} h4 {[%emt 0:00:00]} 43. Qxh4 {[%emt 0:00:01]} Qe6+ {[%emt 0:00:01]} 44. Qg4 {[%emt 0:00:00]} Qh6+ {[%emt 0:00:01]} 45. Kg2 {[%emt 0:00:00]} Qd2 {[%emt 0:00:00]} 46. Qc8+ {[%emt 0:00:01]} Kg7 {[%emt 0:00:00]} 47. Qxc6 {[%emt 0:00:00]} Qd3 {[%emt 0:00:01]} 48. Qd6 {[%emt 0:00:00]} Qxa3 {[%emt 0:00:01]} 49. Kh3 {[%emt 0:00:00]} Qxb4 {[%emt 0:00:01]} 50. Qe5+ {[%emt 0:00:00]} Kg8 {[%emt 0:00:01]} 51. c6 {[%emt 0:00:00]} Qc4 {[%emt 0:00:02]} 52. c7 {[%emt 0:00:00]} d4 {[%emt 0:00:01]} 53. Qe8+ {[%emt 0:00:00]} Kg7 {[%emt 0:00:00]} 54. c8=Q {[%emt 0:00:00]} Qxc8+ {[%emt 0:00:00]} 55. Qxc8 {[%emt 0:00:00]} d3 {[%emt 0:00:00]} 0-1

[Event "398 Stay Safe Play From Home series"]
[Site "Emanuel Lasker Arena"]
[Date "2020.08.20"]
[Round "5"]
[White "Rogan"]
[Black "Klasman"]
[Result "1-0"]
[WhiteElo "2213"]
[BlackElo "1405"]
[PlyCount "33"]
[EventDate "2020.08.20"]
[EventType "swiss (blitz)"]

1. d4 {[%emt 0:00:06]} f5 {[%emt 0:00:02]} 2. c3 {[%emt 0:00:00]} Nf6 {[%emt 0:00:01]} 3. Bg5 {[%emt 0:00:01]} e6 {[%emt 0:00:01]} 4. e3 {[%emt 0:00:01]} d5 {[%emt 0:00:01]} 5. f4 {[%emt 0:00:00]} c5 {[%emt 0:00:01]} 6. Nf3 {[%emt 0:00:00]} Nc6 {[%emt 0:00:01]} 7. Bb5 {[%emt 0:00:00]} Bd7 {[%emt 0:00:01]} 8. Ne5 {[%emt 0:00:00]} Nxe5 {[%emt 0:00:02]} 9. fxe5 {[%emt 0:00:01]} Bxb5 {[%emt 0:00:02]} 10. exf6 {[%emt 0:00:00]} gxf6 {[%emt 0:00:01]} 11. Bf4 {[%emt 0:00:00]} Bd6 {[%emt 0:00:04]} 12. Qh5+ {[%emt 0:00:01]} Ke7 {[%emt 0:00:01]} 13. Qh6 {[%emt 0:00:05]} Bxf4 {[%emt 0:00:02]} 14. Qg7+ {[%emt 0:00:01]} Kd6 {[%emt 0:00:04]} 15. Qxb7 {[%emt 0:00:05]} Bc6 {[%emt 0:00:04]} 16. dxc5+ {[%emt 0:00:01]} Kxc5 {[%emt 0:00:06]} 17. Qb4# {[%emt 0:00:01] (Lag: Av=0.47s, max=0.8s) (Lag: Av=0.47s, max=0.8s) (Lag: Av=0.47s, max=0.8s)} 1-0